• 首页
  • 本馆介绍
  • 公告通知
  • 最新文献
  • 馆藏检索
  • 电子资源
  • 读者导购
  • 参考咨询
  • 我的图书馆
  • 登录
  • 详细信息显示
  • 放入我的书架
  • 预约/预借图书
  • 作者相关作品
  • 分类相关作品
  • 丛书相关作品
  • 出版社相关作品

书目信息

  • 表格格式
  • 工作单格式
  • 卡片格式
题名:
供应链管理
    
 
作者: 谢家平 , 梁玲 主编
分册:  
出版信息: 上海   上海财经大学出版社  2015.10
页数: 279页
开本: 26cm
丛书名:
单 册:
中图分类: F252.1
科图分类:
主题词: 供应链管理--Gong Ying Lian Guan Li--高等教育--教材 , 高等教育--Gao Deng Jiao Yu , 教材--Jiao Cai
电子资源:
ISBN: 978-7-5642-2123-2
000 01117nam0 22003011 450
001 350307
005 20161009084558.43
010    @a978-7-5642-2123-2@dCNY38.00
100    @a20151119d2015 em y0chiy50 ea
101 0  @achi
102    @aCN@b310000
105    @aafk z 000yy
106    @ar
200 1  @a供应链管理@AGong Ying Lian Guan Li@dSupply chain management@f谢家平,梁玲主编@zeng
205    @a3版
210    @a上海@c上海财经大学出版社@d2015.10
215    @a279页@c图,照片@d26cm
300    @a普通高等教育“十一五”国家级规划教材 普通高等教育经济学管理重点规划教材
330    @a本书主要内容包括:供应链管理引论;供应链网络规划;供应链运作管理;供应链采购管理;供应链分销管理;供应链库存模式;供应链合同管理;供应链融资管理;供应链信息集成等。
510 1  @aSupply chain management@zeng
606 0  @a供应链管理@AGong Ying Lian Guan Li@x高等教育@j教材
606 0  @a高等教育@AGao Deng Jiao Yu
606 0  @a教材@AJiao Cai
690    @aF252.1@v5
701  0 @a谢家平@AXie Jia Ping@4主编
701  0 @a梁玲@ALiang Ling@4主编
801  0 @aCN@bTANGWEI@c20160803
905    @b0889370-4@dF252.1@e236=3@f5
    
    供应链管理=Supply chain management/谢家平,梁玲主编.-3版.-上海:上海财经大学出版社,2015.10
    279页:图,照片;26cm
    普通高等教育“十一五”国家级规划教材 普通高等教育经济学管理重点规划教材
    
    ISBN 978-7-5642-2123-2:CNY38.00
    本书主要内容包括:供应链管理引论;供应链网络规划;供应链运作管理;供应链采购管理;供应链分销管理;供应链库存模式;供应链合同管理;供应链融资管理;供应链信息集成等。
●
相关链接 在E读中查询图书 在五车中查询图书 在当当中查询图书 在豆瓣中查询图书


正题名:供应链管理     索取号:F252.1/236=3         预约/预借

序号 登录号 条形码 馆藏地/架位号 状态 备注
1 0889370   208893704   第一样本阅览室/ [索取号:F252.1/236=3] 在馆    
2 0889371   208893713   密集书库-海洋学院/ [索取号:F252.1/236=3] 在馆    
3 0889372   208893722   第一借阅区/ [索取号:F252.1/236=3] 在馆    
4 0889373   208893731   第一借阅区/ [索取号:F252.1/236=3] 在馆    
5 0889374   208893740   第一借阅区/ [索取号:F252.1/236=3] 在馆    
唐山师范学院图书馆 欢迎您!
大连网信软件有限公司© 版权所有